Introduction to system dynamics / (Record no. 11782)
[ view plain ]
| 000 -LEADER | |
|---|---|
| fixed length control field | 00438cam a22001331 4500 |
| 050 00 - LIBRARY OF CONGRESS CALL NUMBER | |
| Classification number | TA168 |
| Item number | .S44 |
| 100 1# - MAIN ENTRY--PERSONAL NAME | |
| Personal name | Shearer, Jesse Lowen, |
| Dates associated with a name | 1921- |
| 245 10 - TITLE STATEMENT | |
| Title | Introduction to system dynamics |
| Statement of responsibility, etc. | [by] J. Lowen Shearer, Arthur T. Murphy [and] Herbert H. Richardson. |
| 260 ## - PUBLICATION, DISTRIBUTION, ETC. (IMPRINT) | |
| Place of publication, distribution, etc. | Reading, Mass., |
| Name of publisher, distributor, etc. | Addison-Wesley Pub. Co. |
| Date of publication, distribution, etc. | [1967] |
| 300 ## - PHYSICAL DESCRIPTION | |
| Extent | xi, 420 p. |
| 700 1# - ADDED ENTRY--PERSONAL NAME | |
| Personal name | Murphy, Arthur T., |
| 700 1# - ADDED ENTRY--PERSONAL NAME | |
| Personal name | Richardson, Herbert H., |
| 942 ## - ADDED ENTRY ELEMENTS (KOHA) | |
| Source of classification or shelving scheme | Library of Congress Classification |
| Koha item type | General circulation |
| Withdrawn status | Lost status | Source of classification or shelving scheme | Damaged status | Not for loan | Home library | Current library | Shelving location | Date acquired | Total Checkouts | Full call number | Barcode | Date last seen | Price effective from | Koha item type |
|---|---|---|---|---|---|---|---|---|---|---|---|---|---|---|
| Library of Congress Classification | Kitui Town Campus Library | Kitui Town Campus Library | General Stacks | 03/03/2016 | TA168 .S44 | 2016/010425 | 03/03/2016 | 03/03/2016 | General circulation |